000
00285nam a22000977a 4500
005
20250901165606.0
008
231215b |||||||| |||| 00| 0 eng d
050
_a
HM586 .K6 1997
245
_a
SOCIOLOGY:IN A CHANGING WORLD
_c
Kornblum, William
942
_2
lcc
_h
HM586 .K6 1997
999
_c
6360
_d
6360